| 000 | 01018nam2a22002291 4500 | ||
|---|---|---|---|
| 001 | rc\4413827 | ||
| 005 | 20250611171327.0 | ||
| 035 | _a(NLR Aleph) 008304073 | ||
| 090 |
_a8654527 _c8654527 |
||
| 100 | _a20130416d1958 |||y0rusy50 ca | ||
| 101 | 0 | _arus | |
| 102 | _aRU | ||
| 105 | _ay z ||||| | ||
| 200 | 1 | _aДостижения Фурмановского района по производству говядины и баранины | |
| 210 |
_aАлма-Ата _cБ. и. _d1958] |
||
| 461 | 0 |
_1001rc\4413821 _12001#$aДогоним Америку по производству продуктов животноводства$e[Вып. 1-15$v[Вып. 6] _98654494 _cАлма-Ата _d1958] _nБ. и. _o[Вып. 1-15 _p15 т. в папке _tДогоним Америку по производству продуктов животноводства _v[Вып. 6] |
|
| 700 | 1 |
_aЖумагалиев _bБ. |
|
| 801 | 0 |
_aRU _bNLR _gpsbo |
|
| 801 | 1 |
_aRU _bELAR _2rusmarc |
|
| 852 |
_aNLR _j58-2/2283 |
||
| 942 | _cBOOK | ||
| 980 | _aNB | ||